Soils under Hevea in India: A physical, chemical and mineralogical study with reference to soil moisture cation influence on yield of Hevea brasiliensis (Record no. 48702)

MARC details
000 -LEADER
fixed length control field 00480nam a2200121Ia 4500
100 ## - MAIN ENTRY--AUTHOR NAME
Personal name Krishnakumar A.K.
245 #0 - TITLE STATEMENT
Title Soils under Hevea in India: A physical, chemical and mineralogical study with reference to soil moisture cation influence on yield of Hevea brasiliensis
260 ## - PUBLICATION, DISTRIBUTION, ETC. (IMPRINT)
Name of publisher Ph.D. Thesis, Indian Institute of Technology, Kharagpur, India, 1989.
Year of publication 1989
650 ## - SUBJECT ADDED ENTRY--TOPICAL TERM
Topical Term Rubber soil
650 ## - SUBJECT ADDED ENTRY--TOPICAL TERM
Topical Term Soil moisture
942 ## - ADDED ENTRY ELEMENTS (KOHA)
Koha item type Bibliography STAF
Holdings
Withdrawn status Lost status Damaged status Not for loan Home library Current library Shelving location Date acquired Koha item type
      Bibliography RRII Library RRII Library Agronomy 09/04/2014 Bibliography STAF